000 00283nam a2200121Ia 4500
008 220204s9999 xx 000 0 und d
082 _a657.4
_bGAR
100 _aGarrison, Ray H
245 0 _aManagerial accounting
250 _aEd.3
260 _aTexas
_bBusiness
_c1982
942 _cBK
999 _c38457
_d38457